Missing Word: Colorful Things II Quiz Stats

 Plays Quiz Updated Jul 11, 2012

Support Sporcle.
Go Orange.
Score 0/24 Timer 02:00
0 Plays Today
Hint Word % Correct
Little Red Riding ________Hood
99.5%
White ________Flag
93.9%
Black ________Hole
92.2%
Yellowstone ________ ParkNational
87.5%
The Blues ________Brothers
86.9%
Yellow ________Card
84.6%
Green ________Giant
82.7%
________ GoldFools
81.5%
Great White ________Shark
81.1%
Black ________Market
81.1%
Blue ________Collar
80.4%
Silver ________Bells
79.9%
Hint Word % Correct
Pink ________Eye
78.7%
The ________ PurpleColor
74.2%
________ BrownsCleveland
72.9%
Green ________Lantern
72.3%
Golden ________Girls
71%
Pinky and the ________Brain
70.4%
Red ________Wings
64.7%
Purple ________Haze
61%
________ BrownChris
51.5%
The Silver ________Surfer
46.9%
Orange ________Julius
44.7%
The Orange _______Box
15.2%

Today's Daily Dose

Word Ladder
ING Words

Get the Picture
Nearest Volcano

From the Vault

Martin Scorsese Movie Search

by Larryholmes79

Movies 6m
'Cinema is a matter of what's in the frame and what's out.' -Martin Scorsese
Remove Ads.
Support Sporcle.
Get the best of Sporcle when you Go Orange. This ad-free experience offers more features, more stats, and more fun while also helping to support Sporcle. Thank you for becoming a member.

Show Comments

Extras

Top Quizzes Today


Score Distribution

Your Account Isn't Verified!

In order to create a playlist on Sporcle, you need to verify the email address you used during registration. Go to your Sporcle Settings to finish the process.

Report this User

Report this user for behavior that violates our Community Guidelines.

Details: